| 000 | 00548nam a2200181Ia 4500 | ||
|---|---|---|---|
| 008 | 090630s9999 xx 000 0 und d | ||
| 082 | _b18943 | ||
| 100 | _aबांदोडकर गो. पु. | ||
| 245 |
_aजाळ. _cबांदोडकर गो. पु. |
||
| 260 |
_bप्रिया. _c1991 |
||
| 300 | _a192 | ||
| 600 | _aबांदोडकर गो. पु. | ||
| 630 | _aजाळ. | ||
| 655 | _aकादंबरी. | ||
| 700 | _aबांदोडकर गो. पु. | ||
| 730 | _aजाळ. | ||
| 942 | _cBOOK | ||
| 999 |
_c270799 _d270799 |
||